00393nam a2200157Ia 4500003000400000008004100004040001600045082001300061100001600074245004800090260003400138300001000172650001200182650002200194650001900216GCL140319s9999 xx 000 0 eng d aGCL / cGCL04a306bD C1 aDAVIS, IOAN10aCULTURAL STUDIES AND BEYOND / cDAVIS, IOAN a[S.N] : bROUTLEDGE ، c1995 a203 P04aCULTURE04aPOPULAR - CULTURE04aCULTURE THEORY